| 000 | 00000nam 2200000za 4500 |
| 001 | 9.832037 |
| 003 | CaOODSP |
| 005 | 20221107145905 |
| 007 | cr ||||||||||| |
| 008 | 170209s2017 onc o f000 0 eng d |
| 040 | |aCaOODSP|beng |
| 043 | |an-cn--- |
| 086 | 1 |aF2-255/2017E-PDF |
| 245 | 00|aUnlocking innovation to drive scale and growth |h[electronic resource]. |
| 260 | |a[Ottawa] : |bAdvisory Council on Economic Growth, |c2017. |
| 300 | |a36 p. |
| 500 | |aIssued also in French under title: Libérer l'innovation pour stimuler la mise à l'échelle et la croissance. |
| 500 | |a"February 6, 2017." |
| 504 | |aIncludes bibliographical references. |
| 692 | 07|2gccst|aEconomic development |
| 692 | 07|2gccst|aInnovation |
| 710 | 1 |aCanada. |bDepartment of Finance. |
| 710 | 1 |aCanada.|bAdvisory Council on Economic Growth. |
| 775 | 08|tLibérer l'innovation pour stimuler la mise à l'échelle et la croissance |w(CaOODSP)9.832038 |
| 856 | 40|qPDF|s669 KB|uhttps://publications.gc.ca/collections/collection_2017/fin/F2-255-2017-eng.pdf |